Name The Musicians Pictured (Virgin Records - 70's & 80's) - Statistics

General Stats
  • This quiz has been taken 66 times
  • The average score is 7 of 20
Answer Stats
Picture Hint Answer % Correct
Culture Club
95%
Sex Pistols
79%
Human League
66%
Abbreviation accepted Public Image Limited (PIL)
57%
X-Ray Spex
54%
Simple Minds
43%
Japan
39%
Robert Wyatt
38%
Artist name under which LPs were released Derek and Clive
34%
Mike Oldfield
34%
Captain Beefheart
32%
The Skids
32%
John Foxx
25%
Magazine
25%
The Motors
18%
The Ruts
18%
Penetration
14%
China Crisis
11%
Flying Lizards
7%
The Members
7%
No matching quizzes found
Score Distribution
Percent of People with Each Score
Percentile by Number Answered
Your Score History
You have not taken this quiz